theory for ethnomusicology (Record no. 15779)
[ view plain ]
| 000 -LEADER | |
|---|---|
| fixed length control field | 00518nam a22001697a 4500 |
| 003 - CONTROL NUMBER IDENTIFIER | |
| control field | OSt |
| 005 - DATE AND TIME OF LATEST TRANSACTION | |
| control field | 20160316144524.0 |
| 008 - FIXED-LENGTH DATA ELEMENTS--GENERAL INFORMATION | |
| fixed length control field | 160316b xxu||||| |||| 00| 0 eng d |
| 020 ## - INTERNATIONAL STANDARD BOOK NUMBER | |
| International Standard Book Number | 0132408406 |
| 040 ## - CATALOGING SOURCE | |
| Original cataloging agency | Kabarak University Labrary |
| Transcribing agency | Kabarak University Labrary |
| 100 ## - MAIN ENTRY--PERSONAL NAME | |
| Personal name | Stone Ruth M. |
| 245 ## - TITLE STATEMENT | |
| Title | theory for ethnomusicology |
| Statement of responsibility, etc. | Ruth M. Stone |
| 260 ## - PUBLICATION, DISTRIBUTION, ETC. (IMPRINT) | |
| Place of publication, distribution, etc. | Unity States of America |
| Name of publisher, distributor, etc. | Pearson Prentice Hall |
| Date of publication, distribution, etc. | 2008 |
| 300 ## - PHYSICAL DESCRIPTION | |
| Extent | xiii,242p. |
| Other physical details | ill |
| 610 ## - SUBJECT ADDED ENTRY--CORPORATE NAME | |
| Corporate name or jurisdiction name as entry element | Ethnomusicology |
| 942 ## - ADDED ENTRY ELEMENTS (KOHA) | |
| Source of classification or shelving scheme | Library of Congress Classification |
| Koha item type | General Collection |
| Call number prefix | ML3798 .S76 2008 C.1 |
| Withdrawn status | Lost status | Source of classification or shelving scheme | Not for loan | Home library | Current library | Date acquired | Cost, normal purchase price | Total Checkouts | Full call number | Barcode | Date last seen | Date last checked out | Copy number | Price effective from | Koha item type |
|---|---|---|---|---|---|---|---|---|---|---|---|---|---|---|---|
| Library of Congress Classification | Kabarak, Main Campus | Kabarak, Main Campus | 16/03/2016 | 10288.00 | 1 | ML3798 .S76 2008 C.1 | 026073 | 06/01/2022 | 13/07/2020 | C.1 | 16/03/2016 | General Collection |